Globalización, cultura y diversidad: una aproximación Latinoamericana /
Zapisane w:
| 1. autor: | |
|---|---|
| organizacja autorów: | , |
| Kolejni autorzy: | |
| Format: | Texto |
| Wydane: |
Buenos Aires:
Campo Virtual
|
| Wydanie: | 0 |
| Etykiety: |
Dodaj etykietę
Nie ma etykietki, Dołącz pierwszą etykiete!
|
MARC
| LEADER | 00000 a a2200000 04500 | ||
|---|---|---|---|
| 001 | 29928 | ||
| 003 | |||
| 040 | |||
| 090 | |a 192030 |b RECURSO ELECTRONICO | ||
| 100 | |a Grompone Grille, Romeo | ||
| 110 | |a Consejo Latinoamericano de Ciencias Sociales | ||
| 245 | |a Globalización, cultura y diversidad: una aproximación Latinoamericana / |c Consejo Latinoamericano de Ciencias Sociales | ||
| 250 | |a 0 | ||
| 260 | |a Buenos Aires: |b Campo Virtual | ||
| 500 | |a Datos de edición: Nueva Sociedad. N° 17 Caracas, marzo-abril de 2002, pp. 104-125. Se encuentra tambien impreso en 18452.02. Datos de edición: Nueva Sociedad. N° 17 Caracas, marzo-abril de 2002, pp. 104-12Se encuentra tambien impreso en 184502 | ||
| 700 | |a Prof. |a Pajuelo Teves, Ramón César |a Prof. |a Nova Arismendi, Rafael Fernando |a Prof. | ||
| 710 | |a CLACSO |a ASDI |a Agencia Sueca de Desarrollo Internacional |a IEP |a Instituto de Estudios Peruanos | ||
| 999 | |c 12512 |d 12512 | ||
